• 首页
  • 本馆介绍
  • 公告通知
  • 最新文献
  • 馆藏检索
  • 电子资源
  • 读者导购
  • 参考咨询
  • 我的图书馆
  • 登录
  • 详细信息显示
  • 放入我的书架
  • 预约/预借图书
  • 作者相关作品
  • 分类相关作品
  • 丛书相关作品
  • 出版社相关作品

书目信息

  • 表格格式
  • 工作单格式
  • 卡片格式
题名:
中共党史文摘年刊
    
 
作者: 廖盖隆 主编 ;中共中央党史研究室 编
分册:   1986年
出版信息: 北京   中共党史资料出版社  1988.10
页数: 789页
开本: 20cm
丛书名:
单 册:
中图分类: D239 , D23-54
科图分类:
主题词: 中国共产党-党史--文摘--1986年--年刊 , 中国共产党 , 党史-中国共产党--文摘--1986年--年刊
电子资源:
ISBN: 7-80023-034-1
000 00943nam0 2200265 45
001 0190008474
005 20070801160535.28
010    @a7-80023-034-1@dCNY7.00
100    @a19921201d1988 ekmy0chiy0121 ea
101 0  @achi
102    @aCN@b110000
105    @ay d 000yy
200 10 @a中共党史文摘年刊@AZHONG GONG DANG SHI WEN ZHAI NIAN KAN@i1986年@I1986 NIAN@f廖盖隆主编@FLIAO GAI LONG ZHU BIAN@g中共中央党史研究室编
210    @a北京@c中共党史资料出版社@d1988.10
215    @a789页@d20cm
540 1  @a中共 党史 文摘 年刊@AZHONG GONG DANG SHI WEN ZHAI NIAN KAN
606    @a中国共产党-党史@x文摘@z1986年@x年刊
606 0  @a中国共产党
606    @a党史-中国共产党@x文摘@z1986年@x年刊
690    @aD239@v三版
690    @aD23-54
701  0 @a廖盖隆@ALIAO GAI LONG@4主编
712 02 @a中共中央党史研究室@AZHONG GONG ZHONG YANG DANG SHI YAN JIU SHI@4编
801  0 @aCN@bNLC@c20070801
905    @f1@b214183@dD23-54@e96:(1986)
    
    中共党史文摘年刊.1986年/廖盖隆主编/中共中央党史研究室编.-北京:中共党史资料出版社,1988.10
    789页;20cm
    
    
    ISBN 7-80023-034-1:CNY7.00
    
●
相关链接 在E读中查询图书 在五车中查询图书 在当当中查询图书 在豆瓣中查询图书


正题名:中共党史文摘年刊     索取号:D23-54/96:(1986)         预约/预借

序号 登录号 条形码 馆藏地/架位号 状态 备注
1 0214183   000376346   第一样本阅览室/ [索取号:D23-54/96:(1986)] 在馆    
2 0790719   207907194   密集书库/ [索取号:D23-54/96:(1986)] 在馆    
唐山师范学院图书馆 欢迎您!
大连网信软件有限公司© 版权所有